000 00726nam a2200253Ia 4500
003 OSt
005 20221006153755.0
006 a|||||r|||| 00| 0
007 ta
008 221006b |||||||| |||| 00| 0 eng d
020 _a0824817575
024 _a33,310
037 _bGift, Japan Foundation
_cAnnuals, Advances
040 _aEASL
_cEASL
_beng
041 _2eng
_aeng
082 _aV42:58(Q), N6
100 _aO'Brien David Au.
_9665392
245 0 _aTo Dream of dreams
260 _aHonolulu
_bUniversity of Hawai Press
_c1996
300 _axvi,271p.
_ccm.
490 _v JEL
942 _hV42:58(Q), N6
_cREF
_2CC
999 _c1101396
_d1101396